Windows NT server 4 : security, troubleshooting and optimization /
Guardado en:
| Otros Autores: | |
|---|---|
| Formato: | Libro |
| Idioma: | English |
| Publicado: |
Indianapolis :
New Riders,
c1996.
|
| Materias: | |
| Etiquetas: |
Agregar Etiqueta
Sin Etiquetas, Sea el primero en etiquetar este registro!
|
| LEADER | 00724nam a22002055a 4500 | ||
|---|---|---|---|
| 001 | EIQ.libpla004100 | ||
| 008 | 080605s1996####xxua##########001#0#eng#d | ||
| 005 | 20080605181913.0 | ||
| 245 | 0 | 0 | |a Windows NT server 4 : |b security, troubleshooting and optimization / |c Wayne Dalton ... [et al.]. |
| 260 | |a Indianapolis : |b New Riders, |c c1996. | ||
| 300 | |a xvi, 698p. : |b il. ; |c 24 cm. + |e 1 CD-ROM. | ||
| 500 | |a Incluye índice. | ||
| 020 | |a 1562056018 (pbk) | ||
| 700 | 1 | |a Dalton, Wayne. | |
| 650 | 4 | |a Computadores |x Optimización. | |
| 650 | 4 | |a Computadores |x Windows NT. | |
| 650 | 4 | |a Computers |x Windows NT. | |
| 650 | 4 | |a Computers |x Optimization. | |
| 040 | |a AR-BbSID |b spa |c AR-BbSID | ||
| 859 | |a AR-BbSID |b BIB. PLAPIQUI |h 001.642 |i W 724 |p 4794 | ||
